Beyond neo-Darwinism : an introduction to the new evolutionary paradigm /

Bibliographic Details
Other Authors: Ho, Mae-Wan, Saunders, P. T. (Peter Timothy), 1939-
Format: Book
Language:English
Published: London ; Orlando : Academic Press, 1984.
Subjects:

MARC

Tag First Indicator Second Indicator Subfields
LEADER 00000cam a2200000 a 4500
001 in00000017492
005 20151007053557.0
008 830726s1984 enka b 00100 eng
010 |a  83072403  
020 |a 012350080X 
035 |a (OCoLC)11108500 
035 |9 AAB2128AM 
040 |a DLC  |c DLC  |d m/c  |d TXA  |d UtOrBLW 
049 |a TXAM  |c [A11061333] 
050 0 0 |a QH366.2  |b .B486 1984 
082 0 |a 575  |2 19 
245 0 0 |a Beyond neo-Darwinism :  |b an introduction to the new evolutionary paradigm /  |c edited by Mae-Wan Ho, Peter T. Saunders. 
264 1 |a London ;  |a Orlando :  |b Academic Press,  |c 1984. 
300 |a xiv, 376 pages :  |b illustrations ;  |c 24 cm. 
336 |a text  |b txt  |2 rdacontent 
337 |a unmediated  |b n  |2 rdamedia 
338 |a volume  |b nc  |2 rdacarrier 
504 |a Includes bibliographies and indexes. 
650 0 |a Evolution. 
700 1 |a Ho, Mae-Wan. 
700 1 |a Saunders, P. T.  |q (Peter Timothy),  |d 1939- 
999 |a MARS 
999 f f |s be7c37f5-9ae7-3780-9c1f-28e31f804e41  |i 889e23d9-d464-30f9-a8d0-01834726136f  |t 0 
952 f f |p ric  |a Texas A&M University  |b Rellis Campus  |c Joint Library Facility  |d Remote Storage  |t 0  |e QH366.2 .B486 1984  |h Library of Congress classification  |i unmediated -- volume  |m A14811061333 
998 f f |a QH366.2 .B486 1984  |t 0  |l Remote Storage